| 000 | 00590nam a2200241 4500 | ||
|---|---|---|---|
| 003 | OSt | ||
| 005 | 20180116183059.0 | ||
| 008 | 161130b xxu||||| |||| 00| 0 eng d | ||
| 020 | _a9781121184244 | ||
| 022 | _a9781121184244 | ||
| 040 | _c0 | ||
| 050 | _a658.049 | ||
| 082 | _a658.049 | ||
| 100 | _aYamao,Sachiko | ||
| 245 |
_aMGMT20006 Managing the Multinational. _cSachiko Yamao |
||
| 250 | _a1st. | ||
| 260 |
_aAustralia _bMcGraw-Hill. _c2011 |
||
| 300 | _a384p. | ||
| 500 | _aPaper Cover | ||
| 600 | _aYamao,Sachiko | ||
| 700 | _aYamao,Sachiko | ||
| 942 |
_2ddc _cBK _k658.049 |
||
| 999 |
_c351946 _d351946 |
||